Loading...
Social Science | 2 | 4 | 1 | 0 | 65 | 52 | 84.17 | 3 | 6 |
Science - Chemistry | 2 | 3 | 0 | 1 | 60 | 61 | 93.20 | 1 | 4 |
History - World History | 0 | 6 | 0 | 2 | 60 | 93 | 111.17 | 1 | 3 |
Science - Other Science | 3 | 1 | 0 | 1 | 55 | 38 | 63.75 | 1 | 4 |
History - American History | 0 | 6 | 2 | 3 | 50 | 108 | 120.83 | 0 | 4 |
Beliefs | 0 | 4 | 1 | 0 | 35 | 86 | 102.25 | 1 | 4 |
Philosophy | 0 | 4 | 1 | 1 | 35 | 89 | 110.25 | 0 | 4 |
Literature - World Literature | 0 | 3 | 0 | 0 | 30 | 87 | 123.67 | 1 | 1 |
Current Events | 0 | 3 | 0 | 1 | 30 | 105 | 113.33 | 0 | 2 |
Science - Biology | 0 | 3 | 2 | 1 | 20 | 96 | 112.33 | 2 | 3 |
Literature - American Literature | 0 | 2 | 0 | 0 | 20 | 108 | 116.00 | 0 | 1 |
Fine Arts - Other Arts | 0 | 2 | 0 | 1 | 20 | 131 | 132.50 | 0 | 1 |
Literature - European Literature | 0 | 2 | 0 | 1 | 20 | 131 | 140.50 | 0 | 1 |
Geography | 0 | 2 | 0 | 1 | 20 | 91 | 93.00 | 0 | 2 |
Science - Physics | 1 | 0 | 0 | 0 | 15 | 15 | 15.00 | 1 | 1 |
History - Ancient History | 0 | 2 | 1 | 0 | 15 | 77 | 95.50 | 0 | 2 |
Other Academic | 1 | 0 | 1 | 0 | 10 | 31 | 31.00 | 0 | 1 |
Auditory Arts | 0 | 1 | 0 | 0 | 10 | 120 | 120.00 | 0 | 0 |
History - Other History | 0 | 1 | 0 | 0 | 10 | 110 | 110.00 | 0 | 0 |
Literature - British Literature | 0 | 1 | 1 | 0 | 5 | 120 | 120.00 | 0 | 1 |
History - European History | 0 | 1 | 3 | 0 | -5 | 121 | 121.00 | 0 | 1 |
Visual Arts | 0 | 0 | 2 | 0 | -10 | 0.00 | 0 | 0 |